Ο άρχοντας των μπονσάι
Αποθηκεύτηκε σε:
| Κύριος συγγραφέας: | |
|---|---|
| Άλλοι συγγραφείς: | , |
| Μορφή: | Βιβλίο |
| Γλώσσα: | Greek Spanish |
| Δημοσίευση: |
[Αθήνα] :
Μεταίχμιο,
[2003]
|
| Θέματα: | |
| Ετικέτες: |
Προσθήκη ετικέτας
Δεν υπάρχουν, Καταχωρήστε ετικέτα πρώτοι!
|
MARC
| LEADER | 00000cam a2200000 i 4500 | ||
|---|---|---|---|
| 001 | 1/25561 | ||
| 008 | 060303s2003 gr | ||| |||| ||gre|| | ||
| 020 | |a 9603754722 | ||
| 035 | |l 10082943 | ||
| 040 | |a GR-MyUa |b gre |e AACR2 | ||
| 041 | 1 | |a gre |h spa | |
| 082 | 7 | |a 863.64 |2 (22) | |
| 100 | 1 | |a Vázquez Montalbán, Manuel. | |
| 245 | 1 | 2 | |a Ο άρχοντας των μπονσάι / |c Manuel Vazquez Montalban ; εικονογράφηση εξωφύλλου: Σπύρος Γούσης ; μετάφραση: Χριστίνα Θεοδωροπούλου. |
| 260 | |a [Αθήνα] : |b Μεταίχμιο, |c [2003] | ||
| 300 | |a 77 σ. ; |c 20 εκ. | ||
| 500 | |a Τίτλος πρωτοτύπου: El senor de los bonsais. | ||
| 650 | 0 | |a Spanish fiction |y 20th century. | |
| 650 | 0 | |a Fairy tales. | |
| 650 | 0 | |a Children's stories, Spanish. | |
| 700 | 1 | |a Γούσης, Σπύρος, |e ill | |
| 700 | 1 | |a Θεοδωροπούλου, Χριστίνα, |e trlf | |
| 852 | |a INST |b RHODES |e 20060303 |h 863.64 VAZ |p 005400021277 |q 005400021277 |t BK |y 0 | ||
| 901 | |a BIBL4-2006-1 | ||
| 970 | |a Κόζα |b Μαρία |z 2006/03/03 | ||